Lyrics : Best Song Ever - One Direction - Statistics

General Stats
  • This quiz has been taken 207 times
  • The average score is 293 of 347
Answer Stats
Answer % Correct
a
98%
the
98%
I
96%
best
95%
Best
95%
ever
95%
song
95%
to
94%
To
94%
we
94%
We
94%
and
93%
And
93%
it
93%
It
93%
night
93%
all
92%
danced
88%
she
88%
She
88%
can
87%
can't
85%
every
85%
her
85%
remember
85%
was
85%
you
85%
You
85%
but
83%
But
83%
know
83%
like
83%
in
82%
it's
81%
me
81%
said
81%
Said
81%
goes
80%
heart
80%
my
80%
that
80%
way
80%
How
79%
how
79%
knew
79%
line
79%
Maybe
78%
never
78%
dad
77%
dreams
77%
forget
77%
now
77%
your
77%
wildest
76%
dentist
74%
stole
74%
walked
74%
won't
74%
mouth
73%
'Cause
72%
when
71%
dirty
70%
Straight
70%
already
69%
name
69%
Through
69%
into
68%
back
66%
Rose
66%
Georgia
64%
had
64%
kissed
64%
think
64%
give
61%
Just
61%
guards
60%
with
60%
take
59%
meant
58%
owned
57%
went
57%
oh oh oh
56%
doors
55%
home
55%
past
53%
yeah yeah yeah
53%
I'll
52%
Say
52%
you'll
47%
hope
31%
No matching quizzes found
Score Distribution
Percent of People with Each Score
Percentile by Number Answered
Your Score History
You have not taken this quiz